Statistics for Top 5 Dallas Mavericks Players Per Position

Click here to take the quiz!

General Stats

  • This quiz has been taken 23 times
  • The average score is 13 of 25

Answer Stats

Position # Player WS % Correct
PF1Dirk Nowitzki206.3
100%
SG2Jason Terry60.5
100%
C5Tyson Chandler19.7
90%
PG4Jason Kidd39.0
90%
PG3Steve Nash42.7
86%
SG1Rolando Blackman70.3
86%
SF2Mark Aguirre49.0
81%
SG3Luka Dončić13.7
81%
SF4Shawn Marion23.9
76%
C2Shawn Bradley33.5
67%
SF1Michael Finley58.4
67%
PG1Derek Harper65.8
62%
SF3Josh Howard37.4
48%
C4Dwight Powell26.1
43%
C1James Donaldson36.5
38%
SG5Jim Jackson12.1
38%
SG4Vince Carter13.2
33%
PF2Sam Perkins41.8
33%
C3Erick Dampier31.6
33%
PG2Brad Davis52.1
29%
PG5Devin Harris30.3
29%
SF5Jay Vincent22.6
19%
PF4Brandan Wright15.7
10%
PF3Roy Tarpley19.8
0%
PF5Kurt Nimphius13.0
0%

Score Distribution

Percentile by Number Answered

Percent of People with Each Score

Your Score History

You have not taken this quiz